Food Deserts as Importatnt Determinant of Health of People

Potravinová nedostatočnosť ako oblasť s nízkou dostupnosťou potravín a nízkou zdravotnou úrovňou obyvateľstva.

Na minha lista:
Detalhes bibliográficos
Autor principal: Dudáš-Pajerská, Erika, 1988-
Formato: Capítulo de Livro
Idioma:inglês
Assuntos:
Tags: Adicionar Tag
Sem tags, seja o primeiro a adicionar uma tag!

MARC

LEADER 00000naa a2200000 4500
001 0228738
005 20240523065635.8
041 0 |a eng 
044 |a SK 
245 1 0 |a Food Deserts as Importatnt Determinant of Health of People  |c Erika Dudáš-Pajerská 
520 |a Potravinová nedostatočnosť ako oblasť s nízkou dostupnosťou potravín a nízkou zdravotnou úrovňou obyvateľstva. 
610 2 0 |a bezpečnosť potravinová 
610 2 0 |a potraviny 
610 2 0 |a zdravie 
610 2 0 |a úroveň životná 
100 1 |a Dudáš-Pajerská, Erika, 1988-